Ukrajinská literatúra v ČSSR.../inc./

Bibliographic Details
Main Author: Roman, Michal, 1930- (Author)
Format: Article
Language:Slovak
PhysicalDescription:Fot. 1.
Subjects:

MARC

LEADER 00000nab a2200000 a 4500
001 vtls000186886
003 SK-MaSNL
005 20260303173652.0
008 180130c1984 xo 0 slo
015 |a SNBRB19rr/mm-uuuuu 
035 |a CL0196999 
040 |a SNKBUCL  |b slo  |c SNKBUCL  |e AACR2 
041 0 |a slo 
044 |a xo  |c SK 
080 |a 82.09:883 (437)  |2 1981 
080 |a 883 (437)  |2 1981 
080 |a 883 (437).09  |2 1981 
100 1 |a Roman, Michal,  |d 1930-  |4 aut  |9 90937 
245 1 0 |a Ukrajinská literatúra v ČSSR.../inc./  |c Michal Roman 
300 |b Fot. 1. 
500 |a V rubrike Ptáme se za vás. 
650 0 7 |a literatúra ukrajinská  |z Česko-Slovensko  |2 snkbucl  |9 921476 
655 7 |a články z novín a časopisov  |2 snkbucl  |9 267496 
655 7 |a články z odboru literárna veda a krásna literatúra  |2 snkbucl  |9 770045 
773 0 |t Nové knihy  |g Č. 25 (1984), s. 4 
850 |a Slovenská národná knižnica v Martine  |a MTA001 
852 |a SNK  |b KIS3GCP 
958 |a RK 
958 |a LX 
958 |a UK 
992 |a RBX 
999 |c 2093314  |d 2095244